[Event "Astana Zhuldyzdary op-A"]
[Site "Astana"]
[Date "2023.07.11"]
[Round "1"]
[White "Suyarov, Mukhammadzokhid"]
[Black "Boran, Shyngys"]
[Result "1-0"]
[WhiteElo "2366"]
[BlackElo "1891"]
[PlyCount "74"]
[EventDate "2023.07.11"]
[EventType "swiss"]
[EventRounds "10"]
[EventCountry "KAZ"]
[SourceTitle "CBM 215 Extra"]
[Source "ChessBase"]
[SourceDate "2023.09.30"]
[SourceVersion "1"]
[SourceVersionDate "2023.09.30"]
[SourceQuality "1"]

1. d4 d5 2. Nc3 Nf6 3. Bf4 a6 4. e3 c5 5. dxc5 Nc6 6. a3 e6 7. b4 a5 8. Bb5 Bd7 9. Bxc6 Bxc6 10. Nge2 g5 11. Bxg5 Rg8 12. Bh4 Rg4 13. Bg3 axb4 14. axb4 Rxb4 15. Bd6 Bxd6 16. cxd6 Rc8 17. Nd4 Qxd6 18. Qf3 Qe5 19. 0-0 Bd7 20. Nce2 Ne4 21. Rfd1 h5 22. Nf4 Qf6 23. Nd3 Rbc4 24. Qxh5 Nc3 25. Re1 Nb5 26. Qe5 Ke7 27. Rab1 Nxd4 28. exd4 Bc6 29. Qxf6+ Kxf6 30. c3 Rxc3 31. Ne5 Ra8 32. h4 Rc2 33. h5 Kg7 34. Re3 Raa2 35. Rg3+ Kh6 36. Nxf7+ Kxh5 37. Rg5+ Kh4 1-0

[Event "Aktobe Dvorkovich op"]
[Site "Aktobe"]
[Date "2023.06.23"]
[Round "5"]
[White "Shimanov, Aleksandr"]
[Black "Boran, Shyngys"]
[Result "1-0"]
[WhiteElo "2581"]
[BlackElo "1859"]
[PlyCount "75"]
[EventDate "2023.06.20"]
[EventType "swiss"]
[EventRounds "9"]
[EventCountry "KAZ"]
[SourceTitle "CBM 214 Extra"]
[Source "ChessBase"]
[SourceDate "2023.07.31"]
[SourceVersion "1"]
[SourceVersionDate "2023.07.31"]
[SourceQuality "1"]

1. b3 d5 2. Bb2 Nf6 3. Nf3 c5 4. e3 e6 5. c4 dxc4 6. Bxc4 Be7 7. g4 Nc6 8. g5 Ne4 9. h4 f6 10. Nc3 Nd6 11. gxf6 Bxf6 12. Be2 b6 13. Rg1 Bb7 14. Ng5 Qe7 15. Qc2 Kd7 16. a3 Kc7 17. Nxh7 Rac8 18. b4 cxb4 19. axb4 Nxb4 20. Qb1 Kb8 21. Nxf6 Qxf6 22. Rxa7 Rhf8 23. Rxb7+ Nxb7 24. Ne4 Qf5 25. Bc3 Nd5 26. Bxg7 Rf7 27. Rg5 Qh3 28. Be5+ Ka7 29. Qa1+ Na5 30. Nd6 Rcf8 31. Nxf7 Rxf7 32. Bg3 Qh1+ 33. Bf1 Qe4 34. h5 Nb4 35. Rxa5+ bxa5 36. Qxa5+ Kb7 37. Qb5+ Ka7 38. Qb8# 1-0

[Event "Aktobe Dvorkovich op"]
[Site "Aktobe"]
[Date "2023.06.20"]
[Round "1"]
[White "Matlakov, Maxim"]
[Black "Boran, Shyngys"]
[Result "1-0"]
[WhiteElo "2662"]
[BlackElo "1859"]
[PlyCount "69"]
[EventDate "2023.06.20"]
[EventType "swiss"]
[EventRounds "9"]
[EventCountry "KAZ"]
[SourceTitle "CBM 214 Extra"]
[Source "ChessBase"]
[SourceDate "2023.07.31"]
[SourceVersion "1"]
[SourceVersionDate "2023.07.31"]
[SourceQuality "1"]

1. e4 e5 2. Nf3 Nf6 3. d4 Nxe4 4. Bd3 d5 5. dxe5 Be7 6. 0-0 0-0 7. Nbd2 Nc5 8. Be2 Nc6 9. Re1 Bg4 10. Nf1 h6 11. h3 Be6 12. c3 Qd7 13. Bb5 a6 14. Bxc6 bxc6 15. Ng3 a5 16. Be3 Rab8 17. Qc2 Ne4 18. Nxe4 Bf5 19. Rad1 Qc8 20. Nf6+ Bxf6 21. Qa4 Bd8 22. Bc5 Re8 23. Qxc6 Qe6 24. Qxe6 Bxe6 25. b3 Rb5 26. b4 a4 27. Nd4 Rb8 28. f4 Bd7 29. f5 Bh4 30. Re2 Bg3 31. e6 fxe6 32. fxe6 Bc8 33. Nc6 Ra8 34. Ne7+ Kh7 35. Nxc8 1-0